Strongest countries in WW2 - Statistics

General Stats
  • This quiz has been taken 240 times
  • The average score is 8 of 10
Answer Stats
Miejsce Odpowiedź % Correct
1 German Reich
99%
8 United States
99%
7 United Kingdom
98%
2 Soviet Union
95%
3 Vichy France
95%
6 Empire of Japan
94%
5 Kingdom of Italy
91%
4 China
86%
9 Kingdom of Romania
43%
10 Switzerland
15%
No matching quizzes found
Score Distribution
Percent of People with Each Score
Percentile by Number Answered
Your Score History
You have not taken this quiz